000
00489nam a2200181Ia 4500
008
100917s9999 xx 000 0 und d
082
_b
49183
100
_a
निमखेडकर मालती
245
_a
आश्लेषा
260
_b
माग्रस प्रक ाशन
_c
1978
300
_a
50
365
_b
4
520
_a
कविता
630
_a
आश्लेषा
650
_a
कविता
730
_a
आश्लेषा
942
_c
BOOK
999
_c
654577
_d
654574